000 00572nam a22001817a 4500
005 20251108175136.0
008 250721s2012 xx 000 0 ara d
082 1 4 _a363.7/حدي
100 1 _aالحديثي، هالة صلاح ياسين
245 1 0 _aالمسؤلية المدنية الناجمة عن تلوث البيئة /
264 1 _aعمان :
_bجهينة للنشر والتوزيع،
_c2012.
300 _a227 ص.
650 1 7 _aالتبعة المدنية
650 1 7 _aالتلوث
650 1 7 _aالبيئة
942 _2ddc
_cBK
999 _c127166
_d127166